| 000 | 00859nam a2200253 i 4500 | ||
|---|---|---|---|
| 001 | 19216 | ||
| 003 | ES-MaACL | ||
| 005 | 20250827232740.0 | ||
| 007 | t| | ||
| 008 | 020702s2002 sp ||||1| spa d | ||
| 020 | _a84-8432-314-5 | ||
| 080 | _a82.091 | ||
| 245 | 0 | 0 |
_aIntroducción a la literatura comparada / _cal cuidado de Armando Gnisci ; Franca Sinopoli ... [et al.] ; traducción y adaptación bibliográfica de Luigi Giuliani. |
| 260 |
_aBarcelona : _bCrítica, _c[2002] |
||
| 300 |
_a534 p. ; _c23 cm. |
||
| 490 | 1 | _aLetras de humanidad | |
| 650 | 1 | 7 |
_aLiteratura comparada _2embne _914528 |
| 700 | 1 |
_aGnisci, Armando. _957475 |
|
| 700 | 1 |
_aSinopoli, Franca. _9106648 |
|
| 700 | 1 |
_aGiuliani, Luigi. _957362 |
|
| 830 | 0 | 0 |
_aLetras de humanidad (Crítica) _9180478 |
| 852 |
_aES-MaACL _jL-25650 _bR.131424 |
||
| 999 |
_c19216 _d19216 |
||